000 00560nam a2200217Ia 4500
999 _c138
_d138
003 0100
008 130227s9999 xx 000 0 und d
040 _cARRUPELIB
050 _aDT658.B586
100 _aBiebuyck, Daniel
_939174
245 _aCongo tribes & parties /
260 _aLondon
_bRoyal Anthropological Institute
_c1961
300 _a48p
300 _b 19cm
440 _aRoyal Anthropological Institute pamphlets n.1
_939175
650 _aEthnology
_zCongo (Leopoldville)
_939176
650 _aCongo (Leopoldville)
_xPolitical parties
_939177
650 _aCongo (Leopoldville)
_xPolitics
_y1960-
_939178
700 _aDouglas, Mary
_937881
942 _2lcc
_cMONOGRAPH